000
00308nam a2200133Ia 4500
008
150301s2015 xx 000 0 und d
082
_a
612.015
_b
M03A
100
_a
ANIL KUMAR
245
_a
MAN NATURE AND ENVIROMENT
260
_b
NEW AGE INT.
300
_a
178
650
_a
PHARMACEUTICS
942
_2
ddc
_c
BK
999
_c
7229
_d
7229